<?xml version="1.0" encoding="UTF-8"?><?xml-stylesheet type="text/xsl" href="static/style.xsl"?><OAI-PMH xmlns="http://www.openarchives.org/OAI/2.0/" xmlns:xsi="http://www.w3.org/2001/XMLSchema-instance" xsi:schemaLocation="http://www.openarchives.org/OAI/2.0/ http://www.openarchives.org/OAI/2.0/OAI-PMH.xsd"><responseDate>2026-06-01T20:48:40Z</responseDate><request verb="GetRecord" identifier="oai:riuma.uma.es:10630/10665" metadataPrefix="marc">https://riuma.uma.es/rest/oai/request</request><GetRecord><record><header><identifier>oai:riuma.uma.es:10630/10665</identifier><datestamp>2026-02-03T12:36:37Z</datestamp><setSpec>com_10630_2254</setSpec><setSpec>col_10630_37957</setSpec></header><metadata><record xmlns="http://www.loc.gov/MARC21/slim" xmlns:dcterms="http://purl.org/dc/terms/" xmlns:doc="http://www.lyncode.com/xoai" xmlns:xsi="http://www.w3.org/2001/XMLSchema-instance" xsi:schemaLocation="http://www.loc.gov/MARC21/slim http://www.loc.gov/standards/marcxml/schema/MARC21slim.xsd">
   <leader>00925njm 22002777a 4500</leader>
   <datafield ind2=" " ind1=" " tag="042">
      <subfield code="a">dc</subfield>
   </datafield>
   <datafield ind2=" " ind1=" " tag="720">
      <subfield code="a">López García, Narciso José</subfield>
      <subfield code="e">author</subfield>
   </datafield>
   <datafield ind2=" " ind1=" " tag="260">
      <subfield code="c">2015</subfield>
   </datafield>
   <datafield ind2=" " ind1=" " tag="520">
      <subfield code="a">Investigación en la que se recogen las opiniones, percepciones y necesidades de los maestros de música de los Centros de Primaria castellano - manchegos. El marco teórico de este estudio se centra en cuatro temas fundamentales relacionados con la Educación Musical en Primaria, los cuales configuran la base teórica del subsiguiente estudio empírico: 1- Aportaciones y beneficios de la música en el desarrollo de la persona; 2- La presencia de la Educación Musical en la enseñanza primaria en las leyes de educación españolas; 3- La enseñanza de la música en los planes de estudios para maestros en la Universidad de Castilla - La Mancha; y 4- Situación actual de la Educación Musical en los currículos de Primaria de los Estados miembros de la Unión Europea. Estudio comparativo.</subfield>
   </datafield>
   <datafield ind1="8" ind2=" " tag="024">
      <subfield code="a">http://hdl.handle.net/10630/10665</subfield>
   </datafield>
   <datafield tag="653" ind2=" " ind1=" ">
      <subfield code="a">Música - Estudio y enseñanza</subfield>
   </datafield>
   <datafield ind2="0" ind1="0" tag="245">
      <subfield code="a">Necesidades profesionales del profesorado especialista de música de los Centros de Educación Primaria de Castilla - La Mancha</subfield>
   </datafield>
</record>
</metadata></record></GetRecord></OAI-PMH>